000 01371nam0a2200325 4500
001 RU\NLR\bibl\991017
005 20260406123533.0
010 _a5-699-16492-8
021 _aRU
_b2006-46686
_92327
035 _a(nilc)RSL-KNO-002919533
035 _a(NLR Aleph) 000978821
090 _a445964
_c445964
100 _a20060817d2006 |||y0rusy50 ca
101 1 _arus
_ceng
102 _aRU
105 _ay |||||||||
106 _ar
200 1 _aВыбираю любовь
_eроман
_fБарбара Картленд
_g[пер. с англ. О. Семченко]
210 _aМосква
_cЭксмо
_d2006
215 _a284,[1] с.
_d17
610 0 _aФилологические науки. Художественная литература -- Великобритания -- Английская литература -- с 1945 г. -- Произведения художественной литературы -- Художественная проза -- Романы. Повести. Рассказы
686 _aШ5(4Вл)62-644
_2rubbk
686 _aШ6(4Вл)67-440.4{Лх1299-50}
700 1 _4070
_8rus
_7ca
_aКартланд
_bБ.
_f1901-2000
_gБарбара
_3RU\NLR\auth\77841
_9110879
801 0 _aRU
_bРКП
_c20060817
_grcr
801 1 _aRU
_bРГБ
_c20060817
801 2 _aRU
_bNLR
_c20061004
_grcr
942 _cBOOK
980 _aNB